[Event "MrDodgy Inv 3 GpB"]
[Site "chess24.com INT"]
[Date "2022.11.26"]
[Round "3.8"]
[White "Fressinet, Laurent"]
[Black "Grachev, Boris"]
[Result "1/2-1/2"]
[WhiteTitle "GM"]
[BlackTitle "GM"]
[WhiteElo "2622"]
[BlackElo "2593"]
[WhiteFideId "608742"]
[BlackFideId "4129199"]
[EventDate "2022.11.26"]

1. Nf3 d5 2. g3 c6 3. Bg2 Bf5 4. c4 e6 5. O-O Nf6 6. d3 dxc4 7. dxc4 Nbd7 8. Nc3
h6 9. Be3 Qc7 10. a3 a5 11. Na4 Ng4 12. Bf4 e5 13. Bd2 Be7 14. h3 Ngf6 15. Be3
O-O 16. Qb3 Ne4 17. Nd2 Nec5 18. Nxc5 Nxc5 19. Qc3 a4 20. Rad1 Rfd8 21. Bxc5
Bxc5 22. Ne4 Bxe4 23. Bxe4 Bd4 24. Qc2 Qb6 25. e3 Bc5 26. h4 Qb3 27. h5 Kf8 28.
Kg2 Qxc2 29. Bxc2 Ke7 30. Kf3 Ra6 31. Rxd8 Kxd8 32. Ke4 Bd6 33. g4 Ke7 34. Kf5
Ra5 35. Rd1 Rc5 36. Bd3 Bc7 37. Ke4 Bd6 38. Kf5 Bc7 39. Ke4 Bd6 40. Kf5 1/2-1/2

[Event "MrDodgy Inv 3 GpB"]
[Site "chess24.com INT"]
[Date "2022.11.26"]
[Round "4.1"]
[White "Trent, Lawrence"]
[Black "Grachev, Boris"]
[Result "1-0"]
[WhiteTitle "IM"]
[BlackTitle "GM"]
[WhiteElo "2402"]
[BlackElo "2593"]
[WhiteFideId "408638"]
[BlackFideId "4129199"]
[EventDate "2022.11.26"]

1. d4 d5 2. Bg5 h6 3. Bh4 c5 4. Nc3 Nc6 5. Nf3 g5 6. Bg3 Bg7 7. e3 Nf6 8. Be2
cxd4 9. Nxd4 Nxd4 10. exd4 a6 11. Qd3 Bg4 12. Bxg4 Nxg4 13. O-O e6 14. Na4 O-O
15. Nc5 b6 16. Nxa6 Nf6 17. c3 Ne4 18. Nb4 h5 19. f3 Nxg3 20. hxg3 Qd6 21. f4 g4
22. Kf2 h4 23. Rh1 hxg3+ 24. Kxg3 f5 25. a3 Kf7 26. Qe3 Rh8 27. Nd3 Kg6 28. Rae1
Rxh1 29. Rxh1 Rh8 30. Rxh8 Bxh8 31. Ne5+ Bxe5 32. Qxe5 Qc6 33. a4 Kf7 34. Kh4
Qc8 35. Qd6 Qh8+ 36. Kg3 Qh1 37. Qc7+ Kg6 38. Qe5 Kf7 39. b4 Qa1 40. Kh4 Qxc3
41. Kg5 Qxb4 42. Qf6+ Ke8 43. Qxe6+ Kd8 44. Qxd5+ Kc7 45. Kxf5 Qxa4 46. Qe5+ Kb7
47. d5 b5 48. d6 b4 49. Qd5+ Kc8 50. Qc5+ Kb8 51. Qc7+ Ka8 52. d7 Qb5+ 53. Kxg4
Qe2+ 54. Kf5 Qd3+ 55. Kg5 Qg3+ 56. Kf6 Qh4+ 57. Ke6 Qg4+ 58. f5 Qe4+ 59. Kf6
Qd4+ 60. Ke6 1-0

[Event "MrDodgy Inv 3 GpB"]
[Site "chess24.com INT"]
[Date "2022.11.26"]
[Round "4.2"]
[White "Paravyan, David"]
[Black "Fressinet, Laurent"]
[Result "1-0"]
[WhiteTitle "GM"]
[BlackTitle "GM"]
[WhiteElo "2586"]
[BlackElo "2622"]
[WhiteFideId "4194985"]
[BlackFideId "608742"]
[EventDate "2022.11.26"]

1. e4 e5 2. Nf3 Nc6 3. Nc3 Nf6 4. d4 Bb4 5. Nxe5 Qe7 6. Qd3 Nxe5 7. dxe5 Qxe5 8.
Bd2 O-O 9. O-O-O d6 10. f3 Be6 11. a3 Bc5 12. Be3 Bc4 13. Qd2 Bxe3 14. Qxe3 Bxf1
15. Rhxf1 Rfe8 16. Kb1 a6 17. g4 c6 18. g5 Nd7 19. f4 Qe7 20. Qd4 Nc5 21. Rfe1
Rad8 22. h4 Qe6 23. h5 Qg4 24. h6 Ne6 25. Qb6 Qxf4 26. Qxb7 Rb8 27. Qa7 Qe5 28.
Qe3 g6 29. Rg1 d5 30. Qg3 Qxg3 31. Rxg3 d4 32. Ne2 c5 33. c3 dxc3 34. Nxc3 Red8
35. Rxd8+ Rxd8 36. Nd5 Kh8 37. Kc2 Rb8 38. Kc3 a5 39. b3 Nd4 40. Kc4 Ne6 41. Rg1
Rb7 42. Nf6 Rb8 43. e5 Rd8 44. Rg4 Rb8 45. Rg2 Rd8 46. Rg3 Rb8 47. Kd5 Ra8 48.
Kd6 a4 49. bxa4 Rxa4 50. Rb3 Ra8 51. Rb7 Nxg5 52. Kxc5 Rc8+ 53. Kd6 Rd8+ 54. Ke7
Ra8 55. a4 Nf3 56. Kxf7 1-0

[Event "MrDodgy Inv 3 GpB"]
[Site "chess24.com INT"]
[Date "2022.11.26"]
[Round "4.3"]
[White "Lagarde, Maxime"]
[Black "Iturrizaga Bonelli, Eduardo"]
[Result "1/2-1/2"]
[WhiteTitle "GM"]
[BlackTitle "GM"]
[WhiteElo "2573"]
[BlackElo "2636"]
[WhiteFideId "662399"]
[BlackFideId "3901211"]
[EventDate "2022.11.26"]

1. b3 Nf6 2. Bb2 e6 3. e3 g6 4. Nf3 Bg7 5. c4 O-O 6. Be2 b6 7. O-O Bb7 8. Nc3 c5
9. d4 Na6 10. Qd2 Qe7 11. a4 Rfd8 12. a5 Nb4 13. axb6 axb6 14. Rxa8 Rxa8 15. Ra1
Rxa1+ 16. Bxa1 1/2-1/2

[Event "MrDodgy Inv 3 GpB"]
[Site "chess24.com INT"]
[Date "2022.11.26"]
[Round "4.4"]
[White "Muradli, Mahammad"]
[Black "Shevchenko, Kirill"]
[Result "1-0"]
[WhiteTitle "GM"]
[BlackTitle "GM"]
[WhiteElo "2540"]
[BlackElo "2649"]
[WhiteFideId "13409301"]
[BlackFideId "14129574"]
[EventDate "2022.11.26"]

1. Nf3 Nf6 2. c4 g6 3. Nc3 Bg7 4. e4 d6 5. d4 O-O 6. Be2 e5 7. Be3 h6 8. dxe5
dxe5 9. h3 Nc6 10. O-O Be6 11. Qc1 Nd4 12. Bxh6 Nxe4 13. Bxg7 Kxg7 14. Nxd4 Qxd4
15. Nxe4 Qxe4 16. Bf3 Qxc4 17. Qxc4 Bxc4 18. Rfc1 Ba6 19. Rxc7 Rac8 20. Rac1 b6
21. Bg4 Ra8 22. Re1 Rfe8 23. Bf3 Rec8 24. Re7 Re8 25. R1xe5 Rxe7 26. Rxe7 Rd8
27. Rxa7 Bc4 28. b3 Be6 29. Ra6 b5 30. b4 Rd3 31. a3 Rb3 32. Ra5 Bxh3 33. Bd5
Rb1+ 34. Kh2 Bd7 35. Bb7 Kf6 36. Kg3 Rb3+ 37. f3 Ke7 38. Ra7 Kd6 39. Ra6+ Ke7
40. Bd5 Rc3 41. Be4 Be6 42. Kf4 Bc4 43. g4 Bd3 44. Bd5 Bc4 45. Ra7+ Kd6 46. Bxf7
Be2 47. Ra6+ Kc7 48. Bd5 Bd3 49. Kg5 Bc2 50. f4 Bb1 51. Bf7 Kb7 52. Ra5 Kb6 53.
Bxg6 Ba2 54. f5 Rg3 55. Kf4 Rg1 56. Ra8 Bd5 57. Rd8 Rf1+ 58. Ke5 Bf3 59. g5 Kc7
60. Rd3 Be2 61. Re3 Bc4 62. Kf6 Rg1 63. Bf7 Bxf7 64. Kxf7 Rg3 65. Rxg3 1-0

[Event "MrDodgy Inv 3 GpB"]
[Site "chess24.com INT"]
[Date "2022.11.26"]
[Round "4.5"]
[White "Tang, Andrew"]
[Black "Cori, Jorge"]
[Result "1-0"]
[WhiteTitle "GM"]
[BlackTitle "GM"]
[WhiteElo "2539"]
[BlackElo "2651"]
[WhiteFideId "2059630"]
[BlackFideId "3802272"]
[EventDate "2022.11.26"]

1. d4 e6 2. Nf3 Nf6 3. Bf4 b6 4. e3 Bb7 5. Nbd2 d5 6. Bd3 Bd6 7. c3 O-O 8. O-O
Ne4 9. Qc2 f5 10. Ne5 Nd7 11. Ndf3 Ndf6 12. h3 c5 13. Qe2 c4 14. Bc2 Qe8 15. Ne1
Be7 16. f3 Nd6 17. g4 Nd7 18. Ng2 Qd8 19. Bg3 g5 20. f4 Nxe5 21. dxe5 Ne4 22.
Bxe4 dxe4 23. Rad1 Bd5 24. fxg5 Bxg5 25. h4 Bh6 26. gxf5 Qe8 27. f6 Kh8 28. Kh2
Qg6 29. Nf4 Bxf4 30. Bxf4 Rg8 31. Rg1 Qf5 32. Rg5 Rxg5 33. hxg5 Kg8 34. Kg3 Rd8
35. b3 Rc8 36. bxc4 Rxc4 37. Qd2 Qg6 38. Rh1 Rc7 39. Rh6 Qf5 40. g6 1-0

[Event "MrDodgy Inv 3 GpB"]
[Site "chess24.com INT"]
[Date "2022.11.26"]
[Round "4.6"]
[White "Royal, Shreyas"]
[Black "Salem, A.R. Saleh"]
[Result "0-1"]
[WhiteTitle "FM"]
[BlackTitle "GM"]
[WhiteElo "2435"]
[BlackElo "2677"]
[WhiteFideId "448869"]
[BlackFideId "9301348"]
[EventDate "2022.11.26"]

1. d4 Nf6 2. c4 g6 3. Nf3 Bg7 4. e3 O-O 5. Be2 c5 6. d5 d6 7. Nc3 e6 8. O-O exd5
9. cxd5 a6 10. a4 Bg4 11. h3 Bxf3 12. Bxf3 Nbd7 13. e4 c4 14. Be3 Rc8 15. Bd4
Nc5 16. Rb1 Nb3 17. Be3 Re8 18. Qc2 Qa5 19. Bf4 Qc5 20. Rfe1 Nd4 21. Qd1 Nxf3+
22. Qxf3 Nd7 23. Kh1 b5 24. axb5 axb5 25. Qg3 Ne5 26. Bxe5 Bxe5 27. f4 Bd4 28.
Re2 b4 29. Nd1 f5 30. Qf3 Re7 31. exf5 Rce8 32. Re6 gxf5 33. Qg3+ Kf7 34. Qg5
Rxe6 35. dxe6+ Rxe6 36. Qh5+ Kg7 37. Qg5+ Kf8 38. Nc3 Bf6 39. Qh6+ Kg8 40. Ra1
Qc6 41. Ne2 Rxe2 0-1

[Event "MrDodgy Inv 3 GpB"]
[Site "chess24.com INT"]
[Date "2022.11.26"]
[Round "4.8"]
[White "Sevian, Samuel"]
[Black "Svidler, Peter"]
[Result "1-0"]
[WhiteTitle "GM"]
[BlackTitle "GM"]
[WhiteElo "2687"]
[BlackElo "2683"]
[WhiteFideId "2040506"]
[BlackFideId "4102142"]
[EventDate "2022.11.26"]

1. e4 c5 2. Nf3 e6 3. d4 cxd4 4. Bg5 f6 5. Bh4 Nc6 6. Nxd4 Bc5 7. Nb3 Bb6 8. c4
Nge7 9. Nc3 O-O 10. Be2 Ne5 11. O-O N5g6 12. Bg3 f5 13. Bd6 Bc7 14. exf5 Rxf5
15. Nb5 Bxd6 16. Nxd6 Rf8 17. Bg4 b6 18. Rc1 Ne5 19. Nd4 Nf7 20. N4b5 Ba6 21.
Bf3 Rb8 22. Nxa7 Nxd6 23. Qxd6 Rxf3 24. gxf3 Nf5 25. Qf4 Ra8 26. Nb5 Bxb5 27.
cxb5 Rxa2 28. Rfd1 h6 29. Rc7 d6 30. Qc4 Qg5+ 31. Kh1 Rxb2 32. Qxe6+ Kh7 33. Rg1
Qh5 34. Qe4 Kh8 35. Rc8+ Kh7 36. Rc7 Kh8 37. Rc8+ Kh7 38. Rf8 Rxb5 39. Qa8 1-0

[Event "MrDodgy Inv 3 GpB"]
[Site "chess24.com INT"]
[Date "2022.11.26"]
[Round "5.1"]
[White "Svidler, Peter"]
[Black "Trent, Lawrence"]
[Result "1-0"]
[WhiteTitle "GM"]
[BlackTitle "IM"]
[WhiteElo "2683"]
[BlackElo "2402"]
[WhiteFideId "4102142"]
[BlackFideId "408638"]
[EventDate "2022.11.26"]

1. e4 e6 2. d4 b6 3. Nf3 Bb7 4. Bd3 d5 5. Qe2 Nf6 6. e5 Ne4 7. O-O Be7 8. c4 O-O
9. cxd5 exd5 10. Nc3 Nxc3 11. bxc3 Bc8 12. Nd2 g6 13. f4 f5 14. exf6 Bxf6 15.
Nf3 Nc6 16. Ne5 Bxe5 17. fxe5 Rxf1+ 18. Qxf1 Qh4 19. Ba3 Be6 20. Re1 Na5 21. Re3
Nc4 22. Bxc4 dxc4 23. Rf3 Qd8 24. Rf6 Qe8 25. Qf3 Rd8 26. Rf8+ Qxf8 27. Bxf8
Rxf8 28. Qc6 1-0

[Event "MrDodgy Inv 3 GpB"]
[Site "chess24.com INT"]
[Date "2022.11.26"]
[Round "5.3"]
[White "Salem, A.R. Saleh"]
[Black "Eljanov, Pavel"]
[Result "0-1"]
[WhiteTitle "GM"]
[BlackTitle "GM"]
[WhiteElo "2677"]
[BlackElo "2706"]
[WhiteFideId "9301348"]
[BlackFideId "14102951"]
[EventDate "2022.11.26"]

1. e4 e5 2. Nf3 Nc6 3. Bb5 Nf6 4. d3 Bc5 5. Bxc6 dxc6 6. Nbd2 Nd7 7. O-O O-O 8.
Kh1 Bd6 9. Nc4 Re8 10. Bd2 Nf8 11. Ng1 Ng6 12. Ne2 Be6 13. b3 b5 14. Na5 c5 15.
a4 a6 16. Nb7 Qd7 17. f4 exf4 18. Nxd6 cxd6 19. Nxf4 Nxf4 20. Bxf4 d5 21. Qf3
dxe4 22. dxe4 Qc6 23. h3 Rad8 24. axb5 axb5 25. Ra7 Rd7 26. Ra5 Rd4 27. Be5 Rxe4
28. Qg3 Rxe5 29. Qxe5 Bc4 30. Ra6 Qc8 31. Qf4 Bxf1 32. Ra7 Bxg2+ 33. Kxg2 Qc6+
34. Kf2 Qe6 35. Ra1 Qxh3 36. Rg1 Qe6 37. Rg5 Qe2+ 38. Kg3 Qxc2 39. Rg4 Qxb3+ 40.
Kh4 Qe6 41. Qg5 g6 42. Qxc5 Qe7+ 0-1

[Event "MrDodgy Inv 3 GpB"]
[Site "chess24.com INT"]
[Date "2022.11.26"]
[Round "5.4"]
[White "Cori, Jorge"]
[Black "Royal, Shreyas"]
[Result "1/2-1/2"]
[WhiteTitle "GM"]
[BlackTitle "FM"]
[WhiteElo "2651"]
[BlackElo "2435"]
[WhiteFideId "3802272"]
[BlackFideId "448869"]
[EventDate "2022.11.26"]

1. e4 e5 2. Nf3 Nc6 3. Bc4 Bc5 4. d3 Nf6 5. Nc3 a6 6. O-O h6 7. Be3 Bxe3 8. fxe3
d6 9. Qe1 Be6 10. Bb3 Qd7 11. Nh4 O-O-O 12. Nf5 Ne8 13. Nd5 g6 14. Ng3 f5 15.
Ba4 h5 16. b4 h4 17. Ne2 h3 18. g3 Qh7 19. c4 fxe4 20. dxe4 g5 21. Nec3 Bxd5 22.
exd5 Nxb4 23. Qd2 Nd3 24. Bc2 e4 25. Nxe4 Qxe4 26. Bxd3 Qe5 27. Bf5+ Kb8 28. Qd4
Nf6 29. Qxe5 dxe5 30. Rab1 Nd7 31. Bxd7 Rxd7 32. e4 Re7 33. c5 Ka7 34. Rf5 Rg8
35. Kf2 b6 36. cxb6+ cxb6 37. Ke3 Rc8 38. Rb2 Rc3+ 39. Ke2 Rc4 40. d6 Rd7 41.
Rxe5 Rxd6 42. Kf3 b5 43. Rxg5 Rd3+ 44. Kg4 Rxe4+ 45. Kxh3 Kb6 46. Rg4 Re5 47. a4
Kc5 48. axb5 axb5 49. Rg8 Rh5+ 50. Kg4 Rhd5 51. Rc8+ Kb6 52. Rb8+ Kc6 53. Rc8+
Kb6 54. Rg8 R3d4+ 55. Kf3 Rd3+ 56. Kg2 Rc3 57. h4 Rc4 58. Kh3 Rd3 59. h5 Rc5 60.
Kh4 Rd4+ 61. g4 Rd1 62. Rb3 Rh1+ 63. Rh3 Rg1 64. h6 Rc7 65. Kh5 Rc5+ 66. Rg5 Rc7
67. Rg7 Rc8 68. h7 Rd1 69. g5 Rd5 70. Kh6 Rd6+ 71. g6 Rdd8 72. Rh5 b4 73. Rf7 b3
74. Rf3 b2 75. Rb3+ Kc6 76. Rxb2 Kd6 77. Rd2+ Ke6 78. Rxd8 Rxd8 79. g7 Ke7 80.
g8=Q Rd6+ 81. Qg6 Kd7 82. h8=Q Rxg6+ 83. Kxg6 Kc6 84. Qf6+ Kb7 85. Rh7+ Ka8 1/2-1/2

[Event "MrDodgy Inv 3 GpB"]
[Site "chess24.com INT"]
[Date "2022.11.26"]
[Round "5.5"]
[White "Shevchenko, Kirill"]
[Black "Tang, Andrew"]
[Result "0-1"]
[WhiteTitle "GM"]
[BlackTitle "GM"]
[WhiteElo "2649"]
[BlackElo "2539"]
[WhiteFideId "14129574"]
[BlackFideId "2059630"]
[EventDate "2022.11.26"]

1. e4 e5 2. Nf3 Nc6 3. Bc4 Nf6 4. d3 h6 5. O-O d6 6. Nc3 g5 7. a4 Bg7 8. a5 a6
9. Re1 O-O 10. Be3 Kh8 11. d4 Ng4 12. dxe5 Nxe3 13. Rxe3 Nxe5 14. Nxe5 Bxe5 15.
Qh5 Kg7 16. Rf3 Be6 17. Nd5 g4 18. Rb3 Rb8 19. f4 gxf3 20. Qxf3 Qh4 21. g3 Qg5
22. Rf1 Bh3 23. Re1 f5 24. Nf4 fxe4 25. Nxh3 exf3 26. Nxg5 f2+ 27. Kf1 fxe1=Q+
28. Kxe1 hxg5 29. Bd5 c6 30. Bg2 d5 31. c3 Bc7 32. Ke2 Bxa5 33. Kd3 Bc7 34. c4
dxc4+ 35. Kxc4 Rf2 36. Be4 Be5 37. Rd3 Rbf8 38. b4 Rc2+ 39. Kb3 Rb2+ 40. Kc4
Rff2 41. Rd7+ Rf7 42. Rd8 Bf6 43. Rb8 Rxh2 44. Kc5 Rb2 45. g4 Be7+ 46. Kd4 Rxb4+
47. Kd3 Bd6 48. Rd8 Bc7 49. Re8 Rd7+ 50. Kc3 Bd6 51. Bf5 Re7 52. Rd8 Bc5 53. Bd3
a5 54. Kc2 a4 55. Ra8 Rxg4 56. Bf5 Rf4 57. Bd3 a3 58. Ra5 Rf2+ 59. Kb3 Rb2+ 60.
Kc3 Bb4+ 61. Kc4 Bxa5 0-1

[Event "MrDodgy Inv 3 GpB"]
[Site "chess24.com INT"]
[Date "2022.11.26"]
[Round "5.6"]
[White "Iturrizaga Bonelli, Eduardo"]
[Black "Muradli, Mahammad"]
[Result "0-1"]
[WhiteTitle "GM"]
[BlackTitle "GM"]
[WhiteElo "2636"]
[BlackElo "2540"]
[WhiteFideId "3901211"]
[BlackFideId "13409301"]
[EventDate "2022.11.26"]

1. c4 e6 2. g3 d5 3. Nf3 Nf6 4. Bg2 dxc4 5. Qa4+ c6 6. Qxc4 b5 7. Qc2 Bb7 8. O-O
a6 9. d4 Nbd7 10. Rd1 Rc8 11. Nc3 c5 12. Bg5 cxd4 13. Rxd4 Bc5 14. Bxf6 Qxf6 15.
Rd2 Qe7 16. Rad1 Nf6 17. a3 h6 18. Ne5 Bxg2 19. Kxg2 O-O 20. Nd7 Nxd7 21. Rxd7
Qf6 22. Ne4 Qf5 23. Qd3 Bb6 24. Rd6 Rcd8 25. Qf3 Qe5 26. R1d2 Rxd6 27. Rxd6 Bd4
28. Rxa6 Bxb2 29. Nd6 Bd4 30. e3 Bc3 31. Qc6 b4 32. axb4 Bxb4 33. Nb5 Be1 34.
Nd4 h5 35. Nf3 Qc3 36. Qb5 h4 37. Qe2 Qb3 38. Nxe1 Rd8 39. Nf3 g5 40. Nxg5 Qd5+
41. Nf3 Rc8 42. e4 Qh5 43. Qe3 h3+ 44. Kh1 Rc1+ 45. Ne1 Rxe1+ 46. Qxe1 Qf3+ 0-1

[Event "MrDodgy Inv 3 GpB"]
[Site "chess24.com INT"]
[Date "2022.11.26"]
[Round "5.7"]
[White "Fressinet, Laurent"]
[Black "Lagarde, Maxime"]
[Result "1-0"]
[WhiteTitle "GM"]
[BlackTitle "GM"]
[WhiteElo "2622"]
[BlackElo "2573"]
[WhiteFideId "608742"]
[BlackFideId "662399"]
[EventDate "2022.11.26"]

1. d4 g6 2. e4 Bg7 3. Nc3 d6 4. Be3 a6 5. Qd2 Nd7 6. h4 b5 7. h5 Bb7 8. h6 Bf6
9. f3 e6 10. O-O-O Ne7 11. Nh3 O-O 12. Kb1 Bh8 13. Ng5 Nb6 14. Bd3 b4 15. Ne2 a5
16. Nf4 Qd7 17. g4 c5 18. Be2 c4 19. d5 c3 20. dxe6 fxe6 21. Qxd6 Qxd6 22. Rxd6
Nec8 23. Rxe6 cxb2 24. Bxb6 Rxf4 1-0

[Event "MrDodgy Inv 3 GpB"]
[Site "chess24.com INT"]
[Date "2022.11.26"]
[Round "5.8"]
[White "Grachev, Boris"]
[Black "Paravyan, David"]
[Result "0-1"]
[WhiteTitle "GM"]
[BlackTitle "GM"]
[WhiteElo "2593"]
[BlackElo "2586"]
[WhiteFideId "4129199"]
[BlackFideId "4194985"]
[EventDate "2022.11.26"]

1. d4 Nf6 2. Nf3 g6 3. c3 Bg7 4. Bf4 O-O 5. Nbd2 c5 6. e3 cxd4 7. cxd4 Nc6 8.
Be2 d6 9. O-O Nh5 10. Bg5 h6 11. Bh4 g5 12. Bg3 Nxg3 13. hxg3 e5 14. d5 Ne7 15.
e4 f5 16. exf5 Bxf5 17. Nc4 b5 18. Ne3 Qb6 19. Nxf5 Nxf5 20. g4 Ng3 21. Rc1 e4
22. Rc6 exf3 23. Bxf3 Qd4 24. Qxd4 Bxd4 25. Rd1 Rae8 26. Rxd6 Bxf2+ 27. Kh2 Ne4
28. Re6 Bg3+ 29. Kh3 Rxe6 30. dxe6 Nf2+ 31. Kxg3 Nxd1 32. Bc6 Rb8 0-1

[Event "MrDodgy Inv 3 GpB"]
[Site "chess24.com INT"]
[Date "2022.11.26"]
[Round "6.1"]
[White "Trent, Lawrence"]
[Black "Paravyan, David"]
[Result "0-1"]
[WhiteTitle "IM"]
[BlackTitle "GM"]
[WhiteElo "2402"]
[BlackElo "2586"]
[WhiteFideId "408638"]
[BlackFideId "4194985"]
[EventDate "2022.11.26"]

1. d4 Nf6 2. Bg5 d5 3. e3 c5 4. Bxf6 gxf6 5. Nc3 e6 6. Qh5 a6 7. O-O-O Qc7 8.
Nge2 b5 9. Nf4 cxd4 10. Ncxd5 exd5 11. Nxd5 Qe5 12. Qxe5+ fxe5 13. Nc7+ Kd8 14.
Nxa8 Bb7 15. exd4 Bxa8 16. dxe5+ Kc7 17. Rg1 Bc5 18. Rd2 Nd7 19. a4 Bc6 20. axb5
axb5 21. Re2 Ra8 22. Kb1 Bd5 23. g4 Ba2+ 24. Kc1 Bc4 25. Re1 Bxf2 26. Bxc4 bxc4
27. Kd2 Bxg1 28. Rxg1 Nxe5 29. Rf1 Kd6 30. h3 Ke6 31. Rf5 f6 32. Rh5 Ra7 33. Kc3
Rf7 34. Rf5 h6 35. Rf1 h5 36. Ra1 hxg4 37. hxg4 Rg7 38. Ra6+ Kf7 39. Ra7+ Kg6
40. Ra1 Kg5 41. Rf1 Rf7 42. Rg1 Rh7 43. Rg3 Kf4 44. Rg1 Rh3+ 45. Kd4 Nf3+ 0-1

[Event "MrDodgy Inv 3 GpB"]
[Site "chess24.com INT"]
[Date "2022.11.26"]
[Round "6.2"]
[White "Lagarde, Maxime"]
[Black "Grachev, Boris"]
[Result "1/2-1/2"]
[WhiteTitle "GM"]
[BlackTitle "GM"]
[WhiteElo "2573"]
[BlackElo "2593"]
[WhiteFideId "662399"]
[BlackFideId "4129199"]
[EventDate "2022.11.26"]

1. b3 d5 2. Bb2 Bf5 3. e3 e6 4. Nf3 h6 5. c4 c6 6. Nc3 Nf6 7. h3 Nbd7 8. Be2 Bd6
9. d4 Qe7 10. Bd3 O-O 11. Bxf5 exf5 12. cxd5 Nxd5 13. Nxd5 cxd5 14. O-O Rfc8 15.
Qd3 g6 16. Qb5 Nf6 17. Rac1 Qd7 18. Qxd7 Nxd7 19. Rxc8+ Rxc8 20. Rc1 Rxc1+ 21.
Bxc1 g5 22. Ne1 f6 23. Nd3 Kf7 24. Kf1 Ke6 25. Ke2 h5 26. f3 h4 27. Bd2 b6 28.
a4 Bc7 29. b4 a6 30. b5 axb5 31. axb5 Bd6 32. Nb2 Ba3 33. Na4 Bd6 34. Kd3 Bf8
35. Kc2 Bd6 36. Kb3 Bh2 37. Kc2 Bd6 38. Kd3 Be7 39. Be1 Bd6 40. Bf2 Bc7 41. Nc3
Nf8 42. e4 fxe4+ 43. fxe4 dxe4+ 44. Kxe4 f5+ 45. Kf3 Ng6 46. d5+ Kd6 47. Na4
Kxd5 48. Nxb6+ Bxb6 49. Bxb6 Kc4 50. Bd8 Kxb5 51. Bxg5 Kc6 52. Bxh4 Nxh4+ 53.
Kf4 Nxg2+ 54. Kxf5 Kd6 55. Ke4 Ke6 56. Kd3 Nf4+ 57. Kc2 Nxh3 1/2-1/2

[Event "MrDodgy Inv 3 GpB"]
[Site "chess24.com INT"]
[Date "2022.11.26"]
[Round "6.3"]
[White "Muradli, Mahammad"]
[Black "Fressinet, Laurent"]
[Result "1-0"]
[WhiteTitle "GM"]
[BlackTitle "GM"]
[WhiteElo "2540"]
[BlackElo "2622"]
[WhiteFideId "13409301"]
[BlackFideId "608742"]
[EventDate "2022.11.26"]

1. c4 Nf6 2. Nc3 c5 3. g3 e6 4. Nf3 b6 5. Bg2 Bb7 6. O-O Be7 7. Re1 d5 8. cxd5
Nxd5 9. e4 Nb4 10. d4 cxd4 11. Nxd4 N8c6 12. Be3 Nxd4 13. Bxd4 O-O 14. Rc1 e5
15. Bxe5 Nd3 16. Bc7 Qxc7 17. Qxd3 Bc5 18. b4 Qd6 19. Nd5 Bxb4 20. e5 1-0

[Event "MrDodgy Inv 3 GpB"]
[Site "chess24.com INT"]
[Date "2022.11.26"]
[Round "6.4"]
[White "Tang, Andrew"]
[Black "Iturrizaga Bonelli, Eduardo"]
[Result "0-1"]
[WhiteTitle "GM"]
[BlackTitle "GM"]
[WhiteElo "2539"]
[BlackElo "2636"]
[WhiteFideId "2059630"]
[BlackFideId "3901211"]
[EventDate "2022.11.26"]

1. d4 Nf6 2. c4 e6 3. Nc3 Bb4 4. Qc2 c5 5. dxc5 O-O 6. Nf3 Qc7 7. Bg5 Bxc5 8. e3
Be7 9. Be2 a6 10. O-O d6 11. Rfd1 Nbd7 12. Rac1 b6 13. b4 Bb7 14. Qb3 Rac8 15.
h3 Rfd8 16. Bf4 h6 17. Bg3 Qb8 18. Rd2 Nf8 19. Rcd1 Ng6 20. Nd4 Ne5 21. f4 Nc6
22. Bd3 Nxd4 23. exd4 d5 24. c5 Ne4 25. Nxe4 dxe4 26. Be2 Qa7 27. Qe3 Bd5 28.
Bf2 a5 29. a3 Rb8 30. Qc3 Rdc8 31. Rc1 Bf6 32. Qa1 bxc5 33. bxc5 Rxc5 34. Rxc5
Qxc5 35. dxc5 Bxa1 36. Rc2 Bc6 37. a4 Rb2 38. Rxb2 Bxb2 39. Bb5 Bb7 40. c6 Bc8
41. Bb6 Bc3 42. Kf2 f5 43. Ke3 Kf7 44. Bd4 Bb4 45. Be5 g5 46. Kd4 Ke7 47. Kc4
Bd6 48. Kd4 gxf4 49. Be2 Ba3 50. Kc3 Bb4+ 51. Kd4 Bd2 52. Bh5 Be3+ 53. Kc3 Ba6
54. Bd1 Bc1 55. Bh5 e3 56. Bxf4 e2 57. Bg3 Ba3 58. c7 Bb4+ 59. Kd4 e1=Q 60. Bxe1
Bxe1 61. Kc5 Kd7 62. Kb6 Bc8 63. Bf3 Bf2+ 64. Kxa5 Kxc7 65. Kb4 e5 66. Be2 Be1+
67. Kc5 Bb7 68. g4 f4 69. a5 Bxa5 70. h4 Bb6+ 71. Kb4 f3 72. Bf1 e4 73. Kc3 e3
74. Kd3 Ba6+ 0-1

[Event "MrDodgy Inv 3 GpB"]
[Site "chess24.com INT"]
[Date "2022.11.26"]
[Round "6.5"]
[White "Royal, Shreyas"]
[Black "Shevchenko, Kirill"]
[Result "0-1"]
[WhiteTitle "FM"]
[BlackTitle "GM"]
[WhiteElo "2435"]
[BlackElo "2649"]
[WhiteFideId "448869"]
[BlackFideId "14129574"]
[EventDate "2022.11.26"]

1. d4 Nf6 2. c4 e6 3. Nf3 c5 4. d5 d6 5. Nc3 exd5 6. cxd5 g6 7. e4 Bg7 8. Nd2
O-O 9. Be2 Re8 10. O-O Nbd7 11. a4 a6 12. Re1 Ne5 13. h3 g5 14. Nf1 g4 15. h4
Nh5 16. g3 f5 17. exf5 Bxf5 18. Ne3 Qf6 19. Bd2 Rf8 20. Rf1 Qg6 21. Nxf5 Rxf5
22. Be3 Raf8 23. a5 Bh6 24. Bxh6 Qxh6 25. Bxg4 Nxg3 26. Bxf5 Nxf5 27. f4 Ng3 28.
Rf2 Qxh4 29. Rh2 Qxf4 30. Qe1 Nf3+ 0-1

[Event "MrDodgy Inv 3 GpB"]
[Site "chess24.com INT"]
[Date "2022.11.26"]
[Round "6.6"]
[White "Eljanov, Pavel"]
[Black "Cori, Jorge"]
[Result "0-1"]
[WhiteTitle "GM"]
[BlackTitle "GM"]
[WhiteElo "2706"]
[BlackElo "2651"]
[WhiteFideId "14102951"]
[BlackFideId "3802272"]
[EventDate "2022.11.26"]

1. e4 c6 2. Nf3 d5 3. d3 dxe4 4. dxe4 Qxd1+ 5. Kxd1 Nf6 6. Nbd2 g6 7. Ne5 Bg7 8.
Nd3 Na6 9. f3 Nd7 10. Nb3 b6 11. c3 Bb7 12. a4 c5 13. Nd2 O-O-O 14. Kc2 Nc7 15.
Nc4 Ba6 16. Nf4 Kb7 17. Be3 Ne5 18. Nxe5 Bxe5 19. Bxa6+ Nxa6 20. a5 Bxf4 21.
Bxf4 b5 22. Rad1 c4 23. Bg5 f6 24. Be3 Nb8 25. Rd5 Rxd5 26. exd5 Rd8 27. Rd1 Rd7
28. Rd4 Na6 29. Re4 Nc7 30. d6 exd6 31. Bd4 f5 32. Re1 Rf7 33. h4 f4 34. Re4 Ka6
35. Re1 Nd5 36. Kd2 b4 37. cxb4 Nxb4 38. Kc3 Kb5 39. Re4 Nc6 40. Bf2 d5 41. Re6
Rd7 42. Bd4 Nxa5 43. Rf6 Nc6 44. Rxf4 Nxd4 45. Kxd4 Kb4 46. Rf8 Rb7 47. Kxd5 Kb3
48. Rc8 Rd7+ 49. Ke6 Rb7 50. g4 Rb4 51. f4 Kxb2 52. f5 gxf5 53. gxf5 c3 54. f6
c2 55. f7 Rf4 56. Ke7 c1=Q 57. Rxc1 Kxc1 58. f8=Q Rxf8 59. Kxf8 h5 60. Kg7 a5
61. Kg6 a4 62. Kxh5 a3 63. Kg6 a2 64. h5 a1=Q 65. h6 Qh8 66. Kf7 Kd2 67. h7 Kd3
68. Kg6 Ke3 69. Kh6 Ke4 70. Kg6 Ke5 71. Kh6 Kd6 72. Kg6 Ke7 73. Kh6 Kf8 74. Kg5
Qg7+ 75. Kf5 Qxh7+ 0-1